Coupe du Monde 1970 - Un Joueur par équipe - Statistiques

Statistiques générales
  • Ce quiz a été pris 66 fois
  • Le résultat moyen est 10 sur 16
Statistiques - réponses
Hint Réponse % Correct
Karl-Heinz Schnellinger Allemagne de l'Ouest
92%
Maouhoub Ghazouani Maroc
92%
Leif Eriksson Suède
90%
Paul Van Himst Belgique
86%
Mircea Lucescu Roumanie
86%
Carlos Alberto Brésil
76%
Ivan Hrdlička Tchécoslovaquie
73%
Anatoliy Byshovets URSS
71%
Ivan Dimitrov Bulgarie
65%
Roberto Boninsegna Italie
63%
Geoff Hurst Angleterre
59%
Mordechai Spiegler Israël
47%
Teófilo Cubillas Pérou
45%
Isidoro Díaz Mexique
39%
Omar Caetano Uruguay
29%
Juan Ramón Martínez Salvador
24%
Aucun quiz correspondant
Distribution des résultats
% des personnes avec chaque résultat
Percentile par nombre de réponses
Votre historique - résultats
Vous n’avez pas pris ce quiz